000 00696nam a2200217Ia 4500
003 GCL
008 140319s9999 xx 000 0 ara d
020 _a1196617997
040 _aGCL /
_cGCL
082 0 4 _a004.65
_bر د
100 1 _aرامى عبدالعزيز
245 1 0 _aD S L الوافد الجديد إلى عالم الانترنت /
_cرامى عبدالعزيز
260 _aالقاهرة :
_bدار البراء ،
_c2006
300 _a168 ص ؛
_c24 سم
650 0 4 _aالهندسة الالكترونية
650 0 4 _aالحاسبات الالكترونية
650 0 4 _aنظم المعلومات
650 0 4 _aالإنترنت
650 0 4 _aD S L
942 _2ddc
_cBK
999 _c9264
_d9264